000 00742nam a22002057a 4500
999 _c166178
_d166178
005 20190716112435.0
010 _aENG-125938
020 _a9789353434243
_c549.00
035 _aEN-109470
037 _bDBAD/PUB
082 _a515
100 _aSaff, S.B.
245 _aFundamentals of complex analysis with applications to engineering and science / :
_cby E.B.Saff [and] A.D.Snider
260 _aNoida
_bPearson India Education
_c2019
270 _a15th Floor, Tower-B, World Trade Tower, Plot No.I, Block-C, Sector 16
_bNoida, Uttar Pradesh
_e201301
_mcompanysecretary.india@pearson.com
300 _avarious paging.
_c23cm(pbk)
500 _aIncludes index
700 _aSnider, A.D.
942 _2ddc
_cEN
_h515
_mSAF